Jazero ožíva Krásna príroda v okolí Smolníka ako stvorená pre agroturistiku

Bibliographic Details
Main Author: -gr- (Author)
Format: Article
Language:Slovak
Subjects:

MARC

LEADER 00000nab a2200000 a 4500
001 vtls001015239
003 SK-MaSNL
005 20260304023639.0
008 040720e19940628xo 0 slo
035 |a SN1191 
040 |a SNSK  |b slo  |c SNSK  |e AACR2 
041 0 |a slo 
044 |a xo  |c SK 
080 |a 796.5  |2 1981 
100 0 |a -gr-  |4 aut  |9 881137 
245 1 0 |a Jazero ožíva  |b Krásna príroda v okolí Smolníka ako stvorená pre agroturistiku 
300 |b 1 foto 
650 0 7 |a agroturistika  |2 SNSK  |9 682 
650 0 7 |a informácie  |2 SNSK  |9 1285 
651 7 |a Úhorná (Slovensko)  |2 SNSK  |9 31691 
651 7 |a Smolník (Gelnica, Slovensko)  |2 SNSK  |9 51207 
651 7 |a SN,  |2 SNSK  |9 1021277 
655 7 |a periodikum  |2 snkbucl  |9 29553 
773 0 8 |t Spišský kuriér  |g Roč. 3, č.26, 28.6.1994, s. 1,2 
852 |a ZVYKNI  |b KIS3GCP 
999 |c 2617607  |d 2619537